| 000 | 01750nam a22003374a 4500 | ||
|---|---|---|---|
| 001 | ebr10082292 | ||
| 003 | CaPaEBR | ||
| 006 | m u | ||
| 007 | cr cn||||||||| | ||
| 008 | 031210s2004 enk sb 001 0 eng | ||
| 010 | _z 2003026799 | ||
| 020 | _z9781846420351 | ||
| 020 | _z1853029645 | ||
| 040 |
_aCaPaEBR _cCaPaEBR |
||
| 035 | _a(OCoLC)567962553 | ||
| 050 | 1 | 4 |
_aRJ507.G55 _bL68 2004eb |
| 082 | 0 | 4 |
_a618.92/8589 _222 |
| 100 | 1 |
_aLovecky, Deirdre V., _d1945- |
|
| 245 | 1 | 0 |
_aDifferent minds _h[electronic resource] : _bgifted children with AD/HD, Asperger syndrome, and other learning deficits / _cDeirdre V. Lovecky. |
| 260 |
_aLondon ; _aPhiladelphia : _bJessica Kingsley Publishers, _c2004. |
||
| 300 | _a525 p. | ||
| 504 | _aIncludes bibliographical references (p. 488-506) and indexes. | ||
| 505 | 0 | _aThe gifted child -- Attention deficits part I: attention deficit / hyperactivity disorder -- Attention deficits part II: asperger syndrome -- Cognitive issues: how those with a different mind think -- Finding flow: the wellspring of creative endeavor -- Emotional intelligence and emotional giftedness -- Social cognition and interpersonal relationships -- Moral development: moral reasoning and compassion. | |
| 533 |
_aElectronic reproduction. _bPalo Alto, Calif. : _cebrary, _d2013. _nAvailable via World Wide Web. _nAccess may be limited to ebrary affiliated libraries. |
||
| 650 | 0 | _aAsperger's syndrome. | |
| 650 | 0 | _aAttention-deficit hyperactivity disorder. | |
| 650 | 0 |
_aGifted children _xMental health. |
|
| 655 | 7 |
_aElectronic books. _2local |
|
| 710 | 2 | _aebrary, Inc. | |
| 856 | 4 | 0 |
_uhttp://site.ebrary.com/lib/rucke/Doc?id=10082292 _zAn electronic book accessible through the World Wide Web; click to view |
| 999 |
_c54648 _d54648 |
||